书目信息 |
| 题名: |
管理学基础
|
|
| 作者: | 卢西尔 著 ;高俊山 , 戴淑芬 译 | |
| 分册: | ||
| 出版信息: | 北京 北京大学出版社 2007.01 |
|
| 页数: | 649页 | |
| 开本: | 25cm | |
| 丛书名: | 管理学精选教材译丛 | |
| 单 册: | ||
| 中图分类: | C93 | |
| 科图分类: | ||
| 主题词: | 管理学--guan li xue | |
| 电子资源: | ||
| ISBN: | 7-301-10005-1 | |
| 000 | 01263nam 2200277 450 | |
| 001 | 012007502565 | |
| 005 | 20070926163522.59 | |
| 010 | @a7-301-10005-1@dCNY75.00 | |
| 100 | @a20070723d2007 km y0chiy0120 ea | |
| 101 | 1 | @achi@ceng |
| 102 | @aCN@b110000 | |
| 105 | @ay z 000yy | |
| 200 | 1 | @a管理学基础@Aguan li xue ji chu@e概念、应用与技能提高@f(美) 罗伯特·N.卢西尔著@F(mei)luo bo te·N.lu xi er zhu@g高俊山, 戴淑芬译@Ggao jun shan,dai shu fen yi |
| 210 | @a北京@c北京大学出版社@d2007.01 | |
| 215 | @a649页@d25cm | |
| 225 | 2 | @a管理学精选教材译丛@Aguan li xue jing xuan jiao cai yi cong |
| 330 | @a本书详细介绍了管理学的基本概念、原理及其应用,共分为五部分:全球环境下的管理.计划.组织.领导和控制。第一部分是对管理学历史.环境及其发展的介绍第二部分到第四部分主要论述了管理的四大职能。本书是一本非常实用的管理学教科书,其特色在于为读者提供了大量的自我评估机会.管理学原理应用练习和管理技能的提高练习。 | |
| 410 | 0 | @12001 @a管理学精选教材译丛 |
| 517 | 1 | @a概念、应用与技能提高@Agai nian、ying yong yu ji neng ti gao |
| 606 | 0 | @a管理学@Aguan li xue |
| 690 | @aC93@v4 | |
| 701 | 1 | @a卢西尔@Alu xi er@g(Lussier, Robert N.)@4著 |
| 702 | 0 | @a高俊山@Agao jun shan@4译 |
| 702 | 0 | @a戴淑芬@Adai shu fen@4译 |
| 801 | 0 | @aCN@c20070926 |
| 905 | @dC93@eL792 | |
| 管理学基础:概念、应用与技能提高/(美) 罗伯特·N.卢西尔著/高俊山, 戴淑芬译.-北京:北京大学出版社,2007.01 |
| 649页;25cm.-(管理学精选教材译丛) |
| ISBN 7-301-10005-1:CNY75.00 |
| 本书详细介绍了管理学的基本概念、原理及其应用,共分为五部分:全球环境下的管理.计划.组织.领导和控制。第一部分是对管理学历史.环境及其发展的介绍第二部分到第四部分主要论述了管理的四大职能。本书是一本非常实用的管理学教科书,其特色在于为读者提供了大量的自我评估机会.管理学原理应用练习和管理技能的提高练习。 |
| ● |
| 相关链接 |
|
|
|
正题名:管理学基础
索取号:C93/L792
 
预约/预借
| 序号 | 登录号 | 条形码 | 馆藏地/架位号 | 状态 | 备注 |
| 1 | 247497 | 202474973 | 社科库509/509社科库 63排5列3层/ [索取号:C93/L792] | 在馆 | |
| 2 | 247498 | 202474982 | 社科库509/509社科库 63排5列3层/ [索取号:C93/L792] | 在馆 |